Планы и фасады казенных строений города Смоленска

Доступно только в Электронных читальных залах Найти на картеНа карте
RUSMARC
00003546nmc2a22000003x 450
001447be0b6-a05f-4d41-b94f-bb8e3f211709
00520180614183047.0
100##$a20160419l17991800k l0rusy0189 ca
1010#$arus
102##$aRU
2001#$aПланы и фасады казенных строений города Смоленска
$j1779-1800 гг.
251##$cДело
105##$aea##
801#0$aRU
$bРГИА
$c20160419
$gRCR
801#1$aRU
$bГлавНИВЦ
$c20160419
$2rusmarc
801#2$aRU
$bПБ им. Б.Н. Ельцина
$c20180614
$gRCR
$2rusmarc
850##$aРГИА
852##$aРГИА
$eФедеральное казенное учреждение "Российский государственный исторический архив" (РГИА)
$j761
937##$hРГИА
$d12155677
$aASBIBLIO_SCAN
462#0$1001dcd89104-8d20-40fa-811e-bb92fb080979
$12001
$aКарты, планы и чертежи Петербургского сенатского архива за 1732-1917 гг.
$1251
$cОпись
$1852
$j1
461#0$1001ac81bd0a-ee7e-4d64-837e-48e7e073b90f
$12001
$a1743-1916 гг.
$1251
$cФонд
$1852
$j1399
215##$a4 л.
$cплан.; ил.
$d72х55,5 см
371##$aДокумент не является опубликованным и широко распространяемым
1222#$ad
035##$a447be0b6-a05f-4d41-b94f-bb8e3f211709
856##$uhttp://readingroom.main.prlib.ru/item.aspx?id_node=n116006388&mode=full
Формат отображения